<?xml version="1.0" encoding="UTF-8"?><?xml-stylesheet type="text/xsl" href="static/style.xsl"?><OAI-PMH xmlns="http://www.openarchives.org/OAI/2.0/" xmlns:xsi="http://www.w3.org/2001/XMLSchema-instance" xsi:schemaLocation="http://www.openarchives.org/OAI/2.0/ http://www.openarchives.org/OAI/2.0/OAI-PMH.xsd"><responseDate>2026-04-14T03:42:22Z</responseDate><request verb="GetRecord" identifier="oai:www.recercat.cat:20.500.12328/4744" metadataPrefix="marc">https://recercat.cat/oai/request</request><GetRecord><record><header><identifier>oai:recercat.cat:20.500.12328/4744</identifier><datestamp>2025-05-20T00:01:22Z</datestamp><setSpec>com_2072_67741</setSpec><setSpec>col_2072_484352</setSpec></header><metadata><record xmlns="http://www.loc.gov/MARC21/slim" xmlns:dcterms="http://purl.org/dc/terms/" xmlns:xsi="http://www.w3.org/2001/XMLSchema-instance" xmlns:doc="http://www.lyncode.com/xoai" xsi:schemaLocation="http://www.loc.gov/MARC21/slim http://www.loc.gov/standards/marcxml/schema/MARC21slim.xsd">
   <leader>00925njm 22002777a 4500</leader>
   <datafield ind2=" " ind1=" " tag="042">
      <subfield code="a">dc</subfield>
   </datafield>
   <datafield ind2=" " ind1=" " tag="720">
      <subfield code="a">Hendrayati, Heny</subfield>
      <subfield code="e">author</subfield>
   </datafield>
   <datafield ind2=" " ind1=" " tag="720">
      <subfield code="a">Achyarsyah, Mochamad</subfield>
      <subfield code="e">author</subfield>
   </datafield>
   <datafield ind2=" " ind1=" " tag="720">
      <subfield code="a">Marimon, Frederic</subfield>
      <subfield code="e">author</subfield>
   </datafield>
   <datafield ind2=" " ind1=" " tag="720">
      <subfield code="a">Hartono, Ulil</subfield>
      <subfield code="e">author</subfield>
   </datafield>
   <datafield ind2=" " ind1=" " tag="720">
      <subfield code="a">Putit, Lennora</subfield>
      <subfield code="e">author</subfield>
   </datafield>
   <datafield ind2=" " ind1=" " tag="260">
      <subfield code="c">2024</subfield>
   </datafield>
   <datafield ind2=" " ind1=" " tag="520">
      <subfield code="a">This study aims to thoroughly investigate how Artificial Intelligence (AI) is strategically integrated into digital marketing practices and its consequential effects on Indonesia’s fiercely competitive business environment. Employing a quantitative research approach, this study meticulously examines Indonesian enterprises’ prevailing strategies for AI utilization. The research method employed in this study is quantitative, with the unit of analysis being Indonesian companies. The sample size comprises 100 companies selected through the stratified random sampling technique. Analysis of the data is conducted using the SPSS statistical package. Through detailed analysis of survey data and advanced statistical techniques, the research reveals a significant positive correlation between the integration of AI in digital marketing and improved marketing effectiveness. The study highlights a noticeable increase in customer engagement metrics and noteworthy enhancements in conversion rates among businesses proficient in leveraging AI technologies, further reinforcing this correlation. Additionally, the findings suggest that companies embracing AI demonstrate significantly heightened adaptability to the constantly evolving market dynamics, strengthening their competitive positioning. These insightful discoveries underscore the critical importance of harnessing AI’s transformative capabilities within digital marketing strategies to sustain and bolster a competitive edge in the marketplace. Furthermore, the study discusses its contributions to existing knowledge and provides practical implications for marketers and business policymakers in Indonesia.</subfield>
   </datafield>
   <datafield ind1="8" ind2=" " tag="024">
      <subfield code="a">Hendrayati, Heny; Achyarsyah, Mochamad; Marimon, Frederic [et al.]. The Impact of Artificial Intelligence on Digital Marketing: Leveraging Potential in a Competitive Business Landscape. Emerging Science Journal, 2024, 8(6), p. 2343-2359. Disponible en: &lt;https://www.ijournalse.org/index.php/ESJ/article/view/2463>. Fecha de acceso: 10 feb. 2025. DOI: 10.28991/ESJ-2024-08-06-012</subfield>
   </datafield>
   <datafield ind1="8" ind2=" " tag="024">
      <subfield code="a">2610-9182</subfield>
   </datafield>
   <datafield ind1="8" ind2=" " tag="024">
      <subfield code="a">http://hdl.handle.net/20.500.12328/4744</subfield>
   </datafield>
   <datafield ind1="8" ind2=" " tag="024">
      <subfield code="a">https://dx.doi.org/10.28991/ESJ-2024-08-06-012</subfield>
   </datafield>
   <datafield tag="653" ind2=" " ind1=" ">
      <subfield code="a">Intel·ligència Artificial (IA)</subfield>
   </datafield>
   <datafield tag="653" ind2=" " ind1=" ">
      <subfield code="a">Màrqueting digital</subfield>
   </datafield>
   <datafield tag="653" ind2=" " ind1=" ">
      <subfield code="a">Competitivitat empresarial</subfield>
   </datafield>
   <datafield tag="653" ind2=" " ind1=" ">
      <subfield code="a">Dinàmica de mercat</subfield>
   </datafield>
   <datafield tag="653" ind2=" " ind1=" ">
      <subfield code="a">Estratègies de màrqueting</subfield>
   </datafield>
   <datafield tag="653" ind2=" " ind1=" ">
      <subfield code="a">Inteligencia artificial (IA)</subfield>
   </datafield>
   <datafield tag="653" ind2=" " ind1=" ">
      <subfield code="a">Marketing digital</subfield>
   </datafield>
   <datafield tag="653" ind2=" " ind1=" ">
      <subfield code="a">Competitividad empresarial</subfield>
   </datafield>
   <datafield tag="653" ind2=" " ind1=" ">
      <subfield code="a">Dinámica del mercado</subfield>
   </datafield>
   <datafield tag="653" ind2=" " ind1=" ">
      <subfield code="a">Estrategias de marketing</subfield>
   </datafield>
   <datafield tag="653" ind2=" " ind1=" ">
      <subfield code="a">Artificial Intelligence (AI)</subfield>
   </datafield>
   <datafield tag="653" ind2=" " ind1=" ">
      <subfield code="a">Digital Marketing</subfield>
   </datafield>
   <datafield tag="653" ind2=" " ind1=" ">
      <subfield code="a">Business Competitiveness</subfield>
   </datafield>
   <datafield tag="653" ind2=" " ind1=" ">
      <subfield code="a">Market Dynamics</subfield>
   </datafield>
   <datafield tag="653" ind2=" " ind1=" ">
      <subfield code="a">Marketing Strategies</subfield>
   </datafield>
   <datafield ind2="0" ind1="0" tag="245">
      <subfield code="a">The Impact of Artificial Intelligence on Digital Marketing: Leveraging Potential in a Competitive Business Landscape</subfield>
   </datafield>
</record></metadata></record></GetRecord></OAI-PMH>